Library Banner

Turki he turki = ترکی ہی ترکی / (Record no. 113459)

MARC details
000 -LEADER
fixed length control field 00509nam a22001577a 4500
005 - DATE AND TIME OF LATEST TRANSACTION
control field 20190803105947.0
008 - FIXED-LENGTH DATA ELEMENTS--GENERAL INFORMATION
fixed length control field 190803b ||||| |||| 00| 0 eng d
020 ## - INTERNATIONAL STANDARD BOOK NUMBER
International Standard Book Number 9789699739941
040 ## - CATALOGING SOURCE
Transcribing agency PK-LaUMT
082 ## - DEWEY DECIMAL CLASSIFICATION NUMBER
Classification number MSC 915.61
Item number FAR-T
100 ## - MAIN ENTRY--PERSONAL NAME
Personal name Farrukh Sohail Goindi = فرخ سہیل گوئندی
245 ## - TITLE STATEMENT
Title Turki he turki = ترکی ہی ترکی /
Statement of responsibility, etc by Farrukh Sohail Goindi = فرخ سہیل گوئندی
260 ## - PUBLICATION, DISTRIBUTION, ETC. (IMPRINT)
Place of publication, distribution, etc Lahore :
Name of publisher, distributor, etc Jamhoori Publications,
Date of publication, distribution, etc 2014
300 ## - PHYSICAL DESCRIPTION
Extent 200 p.
942 ## - ADDED ENTRY ELEMENTS (KOHA)
Koha item type Books
Holdings
Withdrawn status Lost status Damaged status Home library Current library Date acquired Full call number Barcode Date last seen Price effective from Koha item type
      UMT Main Campus UMT Main Campus 2019-08-03 MSC 915.61 FAR-T 112585 2019-08-03 2019-08-03 Books